000 00273nam a22001217a 4500
008 170301b xxu||||| |||| 00| 0 eng d
041 _aeng
080 _a616.8-006
100 _a6
101 _aSHM
245 _aADVANCES IN CANCER MANAGEMENT
_cHOOVER, H.C
942 _2udc
_cBK
999 _c6479
_d6479